[Event "EU-Cup 35th"]
[Site "Budva"]
[Date "2019.11.16"]
[Round "7.3"]
[White "Matlakov, Maxim"]
[Black "Alekseev, Evgeny V"]
[Result "1-0"]
[WhiteElo "2710"]
[BlackElo "2623"]
[Annotator "Ftacnik,L"]
[PlyCount "73"]
[EventDate "2019.11.10"]
[EventType "team-swiss"]
[EventRounds "7"]
[EventCountry "MNE"]
[SourceTitle "CBM 193 Extra"]
[Source "ChessBase"]
[SourceDate "2020.01.31"]
[SourceVersion "1"]
[SourceVersionDate "2020.01.31"]
[SourceQuality "1"]
[WhiteTeam "Mednyi Vsadnik"]
[BlackTeam "Primorsky District"]
[WhiteTeamCountry "RUS"]
[BlackTeamCountry "RUS"]

1. d4 Nf6 2. c4 e6 3. Nf3 d5 4. Nc3 Bb4 5. Bg5 Nbd7 6. e3 c5 7. cxd5 exd5 8.
Qc2 Qa5 9. Bd3 c4 10. Bf5 O-O 11. O-O Re8 12. Nd2 g6 13. Bxd7 Nxd7 14. f3 Nb6
15. e4 {This rich opening line fell out of favour when it was discovered that
with sensible play Black's chances to hold the balance are quite reasonable.
Despite a lot of experience, there still seems to be scope for investigation,
and defender's task is not enviable.} Bxc3 (15... Bd7 16. h4 Bf8 17. Be3 Bg7
18. h5 Rad8 19. hxg6 hxg6 20. Rfe1 Be6 21. e5 Bf5 22. Qc1 f6 23. f4 $11 {
1/2-1/2 (50) Ponomariov,R (2733)-Alekseev,E (2700) Astrakhan 2010}) (15... Bf8
16. exd5 Bg7 17. Nde4 Nxd5 18. Qd2 Nxc3 19. bxc3 Qd5 20. Rfe1 Bf5 21. Nf6+ Bxf6
22. Bxf6 Re6 23. Rxe6 Qxe6 24. Bh4 $14 {1/2-1/2 (29) Borovikov,V (2601)
-Tukhaev,A (2518) Paleochora 2010}) 16. Qxc3 Qxc3 17. bxc3 Bd7 18. e5 $146 {
[%mdl 4] Given the flow of the game, Matlakov probably looked at White's plan
before the game and realized that despite Black's counterplay his chances are
not negliglible.} (18. Rab1 Rab8 (18... Re6 19. e5 Na4 20. Rfc1 Rb6 21. Rxb6
axb6 22. Be7 Nb2 23. Rc2 Nd3 $11 {1-0 (44) Jakovenko,D (2732)-Peralta,F (2608)
Mulhouse 2011}) (18... Bc6 19. e5 (19. Rb4 Kg7 20. Bf4 Re7 21. Bd6 Rd7 22. Bg3
{1/2-1/2 (22) Karavade,E (2297)-Vaibhav,S (2080) Nagpur 2008}) 19... Na4 20.
Rfc1 b5 21. Nf1 a5 22. a3 Rab8 23. Ne3 Nb6 24. Ng4 Nd7 25. Bh6 $14 {1-0 (99)
Kobalia,M (2637)-Kosintseva,T (2515) Moscow 2010}) 19. Kf2 f5 20. exd5 Nxd5 21.
Nxc4 Nxc3 22. Rbe1 $11 {0-1 (36) Korobov,A (2671)-Wang,H (2733) Rogaska
Slatina 2011}) 18... Na4 19. Rfc1 b5 20. Nf1 {Without the best located pieces,
any dream of success is just empty air, the white knight belongs to e3.} (20.
a3 Nb2 21. Nf1 Nd3 22. Rcb1 Reb8 23. Ne3 Be6 24. g4 $14) 20... a5 (20... Nb2
21. Ne3 Be6 22. g4 $14) 21. Ne3 Be6 22. Rab1 (22. a3 Nb2 23. Rab1 Nd3 24. Rf1
Reb8 25. f4 h5 26. f5 gxf5 27. Nxf5 b4 $11) 22... b4 $5 {For the strong
players, counterplay is the best form of defence since it ties down enemy
pieces that could otherwise try to do real damage elsewhere.} (22... Rab8 23.
a3 $1 $16) 23. cxb4 axb4 24. Rxb4 Reb8 (24... h5 25. a3 Reb8 26. Nd1 $16) 25.
Rxb8+ Rxb8 26. g4 (26. Nd1 Kg7 27. g4 $14) 26... Nb2 $2 {The biggest crimes in
chess have two natures - tactical miscalculations and misplacement of pieces.
The knight dreams about the d3 square, but this is not to be. The activation
of Black's rook was much more unpleasant for White.} (26... h5 $1 27. h3 Rb2
28. Rc2 c3 29. a3 $14) 27. Rb1 c3 28. f4 f5 {In difficult situations, players
are often trying to complicate matters even at the cost of material. Giving up
the pawn will not save the defender from problems, but White will need to be
more careful.} (28... Rb4 29. f5 Bd7 30. Rc1 Na4 31. Bf6 Bc6 32. e6 $1 $16) 29.
exf6 Kf7 (29... Rb4 30. f5 gxf5 (30... Bd7 31. fxg6 hxg6 32. f7+ $1 Kxf7 33.
Rf1+ Kg7 34. Nxd5 $16) 31. gxf5 Bf7 32. Rc1 Na4 33. Nc2 Rb2 34. Kf2 Rxa2 35.
Kg3 $16) 30. Rc1 Rc8 (30... Na4 31. f5 Bd7 (31... gxf5 32. gxf5 Bc8 33. Ng4 $1
Bxf5 34. Ne5+ Ke6 35. f7 $18) 32. Bf4 Rc8 33. Nxd5 gxf5 34. g5 $16) 31. f5 $1 {
Some players believe that anything active on the board is good. The stronger
ones understand that timely and good activity has the hidden value of gold.}
gxf5 32. gxf5 Bd7 33. Nxd5 h6 (33... Bxf5 34. Ne7 $1 Rf8 35. Nxf5 Kg6 36. Bh6
Rxf6 37. Ne7+ Kf7 38. Bg5 $18) (33... Rg8 34. h4 h6 35. Ne7 $18) 34. Bxh6 c2 (
34... Bxf5 $2 35. Ne7 $18) 35. Ne3 Ba4 {Black avoids an endgame with
opposite-coloured bishops, but with a 3 pawns handicap.} (35... Kxf6 36. Rxc2
Rxc2 37. Nxc2 Bxf5 38. Nb4 $16) 36. Ng4 Nd3 (36... Nc4 37. Bg5 Nd6 38. Ne5+ Kg8
39. Bd2 $18) 37. Ne5+ $1 {The c-pawn has been safely stopped, and all the
other things speak for White.} (37. Ne5+ Nxe5 38. dxe5 Rc4 39. Re1 $18) 1-0

[Event "Sochi Chigorin Memorial"]
[Site "Sochi"]
[Date "1990.??.??"]
[Round "?"]
[White "Douven, Rudy C"]
[Black "Ikonnikov, Vyacheslav"]
[Result "0-1"]
[WhiteElo "2410"]
[BlackElo "2485"]
[Annotator "Ftacnik,L"]
[PlyCount "64"]
[EventDate "1990.10.??"]
[EventType "tourn"]
[EventRounds "11"]
[EventCountry "URS"]
[EventCategory "7"]
[SourceTitle "CBM 021"]
[Source "ChessBase"]
[SourceDate "1991.04.01"]
[SourceVersion "1"]
[SourceVersionDate "1991.04.01"]
[SourceQuality "1"]

1. d4 Nf6 2. c4 e6 3. Nf3 d5 4. Nc3 Bb4 5. Bg5 Nbd7 6. e3 c5 7. cxd5 exd5 8.
Be2 Qa5 9. O-O c4 10. Qc2 Bxc3 (10... O-O 11. Nd2 Re8 12. Rae1 $14) 11. bxc3
Ne4 12. Rac1 Nxg5 13. Nxg5 Nf6 (13... h6 14. Nf3 Nf6 15. Nd2 O-O 16. f3 $14)
14. e4 $5 (14. Nf3 g6 15. Nd2 Bf5) 14... h6 $8 (14... Nxe4 15. Nxe4 dxe4 16.
Qxe4+ $18) 15. Nxf7 (15. e5 hxg5 16. exf6 gxf6 17. Rfe1 Kf8 $17) 15... Kxf7 16.
e5 Nh7 (16... Ne4 17. f3 Ng5 18. f4 Ne4 19. f5 $40) 17. Bh5+ Kg8 18. Qg6 Nf8 (
18... Qc7 $2 19. Qe8+ Nf8 20. e6 $1 Kh7 21. e7 $18) 19. Qf7+ (19. Qe8 $1 Qb6 (
19... Kh7 20. e6 Bxe6 21. Qxa8 $18)) 19... Kh7 20. f4 Bd7 (20... Be6 21. Qxb7
Rd8 22. f5 $40) 21. f5 Rg8 (21... Be8 $2 22. Bg6+ Nxg6 23. fxg6#) 22. Bg6+ (22.
e6 Be8 23. Qxb7 Bxh5 24. Qxa8 Nxe6 25. Qc6 Ng5 $13) 22... Kh8 23. e6 Nxg6 $1 (
23... Be8 24. Qxb7 Nxg6 25. Qxa8 $16) 24. exd7 (24. Qxd7 Nf8 25. Qxb7 Re8 26.
f6 gxf6 27. Rxf6 Rxe6) 24... Nf8 25. Rfe1 (25. f6 Rd8 26. Qe7 Nxd7 $19) 25...
Rd8 26. Re7 Qa3 $1 27. Rf1 (27. Rc2 Qd6 $19) 27... Qxc3 28. Qxd5 (28. f6 Qxd4+
29. Kh1 Nh7 30. fxg7+ Qxg7 $19) 28... Nh7 29. Qd6 (29. f6 Nxf6 30. Rxf6 gxf6
31. Qf7 Qxd4+ 32. Kf1 Qd3+ 33. Kf2 Qg6 $19) 29... Nf6 30. h3 Qa5 31. Rf7 Qb6
32. Qe5 Nxd7 {Ftacnik,L} 0-1

[Event "Interzonal-15"]
[Site "Manila"]
[Date "1990.??.??"]
[Round "1"]
[White "Ehlvest, Jaan"]
[Black "Arencibia Rodriguez, Walter"]
[Result "1-0"]
[WhiteElo "2655"]
[BlackElo "2555"]
[Annotator "Ftacnik,L"]
[PlyCount "88"]
[EventDate "1990.06.29"]
[EventType "swiss"]
[EventRounds "13"]
[EventCountry "PHI"]
[SourceTitle "CBM 019"]
[Source "ChessBase"]
[SourceDate "1990.12.01"]
[SourceVersion "1"]
[SourceVersionDate "1990.12.01"]
[SourceQuality "1"]

1. Nf3 d5 2. d4 Nf6 3. c4 e6 4. Nc3 Nbd7 5. cxd5 exd5 6. Bg5 Bb4 7. e3 c5 8.
Bd3 Qa5 9. Qc2 c4 10. Bf5 O-O 11. O-O Re8 12. Bh4 {N} (12. Nd2) 12... Bxc3 (
12... g6 13. Bh3 Bxc3 14. bxc3 Ne4 15. Rac1 Nb6 16. Bxc8 Raxc8 17. Ne5 f6 18.
Ng4 f5 19. Nf6+ Nxf6 20. Bxf6 Na4 21. Be5 Re6 22. Qd2 Rf8 23. f3 Qd8 $13 {
Dejkalo-Stempin,P/Polska ch/1990/}) 13. bxc3 Ne4 14. Bxe4 dxe4 15. Nd2 Qh5 $1 (
15... Qd5 16. f3 $1) (15... Nb6 16. Nxe4 Bf5 17. f3 Qd5 18. Nf6+ gxf6 19. e4
$16) 16. Bg3 Nb6 17. Rfe1 (17. Nxe4 Bf5 18. f3 Nd5 19. Rae1 Qg6 $15) 17... Bf5
$2 (17... f5 $1 18. a4 Be6 19. a5 Nd7 20. Rab1 Bd5 21. Rb5 Qf7 $10 {Arencibia,W
}) 18. Rab1 Rac8 19. Rb5 Qg6 20. Reb1 Bd7 21. Ra5 a6 22. d5 $1 f5 23. d6 Rc6
24. Rb4 Re6 25. Qb1 Rexd6 $8 (25... Nc8 26. Rxb7 $18) 26. Bxd6 Qxd6 27. Nf1 Nd5
(27... Bc8 28. Rb2 Nd5 29. Rd2) 28. Rxb7 Nxc3 29. Qc2 Nb5 (29... Nd5 30. Qd2 c3
31. Qxd5+ Qxd5 32. Rxd5 c2 33. Rdxd7 Rc8 34. Rxg7+ $18) 30. a4 $1 Nc7 31. Qc3
Bc8 (31... Qd3 32. Qe5 c3 33. Rxc7 c2 34. Rxc6 Bxc6 35. Qe6+ $18) 32. Rb2 Qd3 (
32... Nd5 33. Qd4 c3 34. Rxd5 $18) 33. Qc1 $2 (33. Qxd3 $2 exd3) (33. Rc2 $1)
33... c3 34. Rb4 Nd5 (34... Rc4 35. Rxc4 Qxc4 36. Qa3 $18) 35. Rd4 Nf4 $1 36.
Rxd3 Ne2+ (36... Nxd3 37. Qc2 Be6 (37... Nb4 38. Qb3+ Be6 39. Qxb4 c2 40. Rc5
c1=Q 41. Qb8+ $1 Bc8 42. Rxc1 Rxc1 43. Qb3+ Kh8 44. Qa3 $18) 38. Rxa6 $1 (38.
Ng3 Nb4 39. Qc1 Nd3) 38... Rxa6 39. Qxc3 $22 Rxa4 40. Qc6 $18) 37. Kh1 Nxc1 38.
Rd8+ Kf7 39. Rdd5 Be6 $4 (39... Nb3 40. Rxf5+ Bxf5 41. Rxf5+ Ke6 $19) (39...
Nd3 $19) 40. Rdc5 Rxc5 41. Rxc5 Ne2 (41... Na2 42. Ng3 Bb3 43. Rxf5+ Ke6 44.
Ra5 c2 45. Rxa6+ Ke5 46. Ne2 $16) 42. Ng3 Nxg3+ 43. hxg3 Bb3 44. a5 c2 {
Ftacnik,L} (44... c2 45. Rxf5+ Ke6 46. Rc5 Kd6 47. Rc3 $18) 1-0

[Event "Interpolis-03"]
[Site "Tilburg"]
[Date "1979.11.13"]
[Round "9"]
[White "Timman, Jan H"]
[Black "Smyslov, Vassily V"]
[Result "1-0"]
[WhiteElo "2625"]
[BlackElo "2560"]
[Annotator "Ftacnik,L"]
[PlyCount "81"]
[EventDate "1979.11.01"]
[EventType "tourn"]
[EventRounds "11"]
[EventCountry "NED"]
[EventCategory "15"]
[SourceTitle "MCL"]
[Source "ChessBase"]
[SourceDate "1999.07.01"]
[SourceVersion "1"]
[SourceVersionDate "1999.07.01"]
[SourceQuality "1"]

1. d4 Nf6 2. Nf3 d5 3. c4 e6 4. Nc3 Bb4 5. cxd5 exd5 6. Bg5 h6 7. Bh4 g5 8. Bg3
Ne4 9. Nd2 Nxg3 10. hxg3 c6 11. e3 Be6 12. Bd3 Nd7 13. Qc2 {/\Lf5} Qf6 $6 14.
Qb3 $1 c5 (14... Qe7 15. a3) 15. Bb5 Rc8 $6 (15... Rd8 $142) 16. O-O Bxc3 17.
bxc3 b6 $6 (17... Rc7 $142) 18. Bxd7+ Bxd7 (18... Kxd7 19. Qa4+ {/\20.Da7}) 19.
Qxd5 $16 Qe6 20. Qb7 (20. Qf3 $142 {/\e4}) 20... h5 21. Ne4 f6 (21... Bc6 $2
22. Nd6+ $18) 22. Rfd1 (22. dxc5 O-O $10 (22... bxc5 $2 23. Rfd1 $18)) 22...
O-O 23. d5 Qxe4 24. Qxd7 Ra8 25. d6 Rf7 26. Qb5 Rd8 27. Qb3 Kg7 28. Qd5 (28.
Rd2 $142 {/\Tad1}) 28... Qe5 $2 (28... Qe8 {/\Tfd7+/-}) 29. Rd3 Rfd7 30. Rad1
Qe8 31. Qf5 Qe5 32. Qxe5 fxe5 33. Rd5 Kf6 34. f4 gxf4 35. gxf4 exf4 36. exf4 h4
37. Rh5 Rxd6 38. Rh6+ Ke7 39. Rdxd6 Rxd6 40. Rxd6 Kxd6 41. c4 (41. c4 a6 42. a4
Kc6 43. Kf2 $18) 1-0

[Event "Voskresensk"]
[Site "Voskresensk"]
[Date "1990.??.??"]
[Round "?"]
[White "Neverov, Valeriy"]
[Black "Dizdar, Goran"]
[Result "1-0"]
[WhiteElo "2505"]
[BlackElo "2470"]
[Annotator "Ftacnik,L"]
[PlyCount "85"]
[EventDate "1990.07.??"]
[EventType "tourn"]
[EventRounds "11"]
[EventCountry "URS"]
[EventCategory "9"]
[SourceTitle "CBM 019"]
[Source "ChessBase"]
[SourceDate "1990.12.01"]
[SourceVersion "1"]
[SourceVersionDate "1990.12.01"]
[SourceQuality "1"]

1. d4 Nf6 2. c4 e6 3. Nf3 d5 4. Nc3 Bb4 5. Bg5 Nbd7 6. cxd5 exd5 7. e3 c5 8.
Bd3 Qa5 9. Qc2 c4 10. Bf5 O-O 11. O-O Re8 12. Nd2 g6 13. Bxd7 Nxd7 14. Rae1 Nb6
(14... b5 15. f3 Nb6 16. e4 Be6 17. exd5 Bxc3 18. bxc3 Nxd5 19. Ne4 Qb6 20. Qf2
$16 {Plachetka,J-Palac,M/Gemer/1990/}) 15. f3 Bd7 16. Bh4 (16. e4 Bxc3 17. Qxc3
(17. bxc3 $6 dxe4 18. Nxe4 Rxe4 $1) 17... Qxc3 18. bxc3 f5 $13) 16... Bxc3 (
16... Na4 17. Ndb1) 17. bxc3 Na4 18. Nb1 Qb5 (18... Re6 19. e4 Rae8 20. e5 Rb6
$132) 19. e4 (19. Rf2 Re6 20. e4 Rae8 21. Rfe2 Rb6) 19... Qb2 $6 (19... Re6 $5)
20. Qxb2 Nxb2 21. exd5 f5 (21... Nd3 22. Re7) 22. Na3 b5 (22... Nd3 23. Rxe8+
Rxe8 24. Nxc4 Bb5 25. Nd6 $18) 23. Rxe8+ Rxe8 24. Rb1 Na4 (24... Re2 $2 25. Kf1
Rd2 26. Be1 $18) 25. Nxb5 Rb8 (25... Bxb5 26. Rxb5 Nxc3 27. Rc5 Ne2+ 28. Kf2
Nxd4 29. d6 $18) 26. Na3 Rxb1+ 27. Nxb1 Kf7 (27... f4 28. Be1 Bf5 29. Na3) 28.
Bd8 Nb2 29. Kf2 Bc8 30. Ke2 Bb7 31. Na3 a6 (31... Bxd5 32. Nb5 a6 33. Nc7 Bb7
34. d5 $18) 32. d6 Ke6 33. Be7 Bd5 34. Nc2 Nd3 35. Kd2 f4 36. Bg5 Kxd6 37. Ne1
Ke6 (37... Nxe1 38. Bxf4+ Ke6 39. Kxe1 $18) 38. Nxd3 cxd3 39. Kxd3 Kf5 40. c4
Bc6 41. Bd8 Ba4 42. d5 g5 43. Kd4 {Ftacnik,L} 1-0

[Event "Poikovsky Karpov 07th"]
[Site "Poikovsky"]
[Date "2006.03.20"]
[Round "3"]
[White "Sokolov, Ivan"]
[Black "Onischuk, Alexander"]
[Result "1/2-1/2"]
[WhiteElo "2689"]
[BlackElo "2650"]
[Annotator "Ftacnik,L"]
[PlyCount "118"]
[EventDate "2006.03.18"]
[EventType "tourn"]
[EventRounds "9"]
[EventCountry "RUS"]
[EventCategory "18"]
[SourceTitle "CBM 112"]
[Source "ChessBase"]
[SourceDate "2006.06.07"]
[SourceVersion "1"]
[SourceVersionDate "2006.06.07"]
[SourceQuality "1"]

1. d4 Nf6 2. c4 e6 3. Nf3 d5 4. Nc3 Bb4 5. cxd5 exd5 6. Bg5 h6 7. Bh4 g5 8. Bg3
Ne4 9. Nd2 Nxc3 10. bxc3 Bxc3 11. Rc1 Bb2 12. Bxc7 Qe7 13. Bd6 Qe6 14. Rb1 Bc3
{The board is dominated by the sharp theoretical struggle. Black has managed
to show couragegous way of treating the critical variation with the pawn
sacrifice on c3. The first players are succeeding in questioning the concept
only in the last 2-3 years.} (14... Qxd6 15. Rxb2 Nc6 16. e3 Bf5 (16... Qa3 17.
Qb3 Qxb3 18. Nxb3 b6 19. h4 Rg8 20. Kd2 Bd7 21. g3 {1-0 Krivoshey,S (2503)
-Kritz,L (2484)/Griesheim 2003 (61)}) 17. Be2 O-O 18. h4 Rfe8 19. hxg5 hxg5 20.
Nf3 f6 21. Bd3 Qd7 22. Qb1 Be4 23. Bxe4 dxe4 24. Rxb7 Qe6 25. Rh6 Qd5 26. Rxf6
Ne7 27. Rb5 {1-0 Vera,R (2534)-Gongora Reyes,M (2408)/Holguin City 2002}) (
14... Bxd4 $2 15. Bxb8 Rxb8 16. Qa4+ $18) 15. Ba3 (15. Qc2 Qxd6 16. Qxc3 O-O
17. e3 Bf5 18. Bd3 Rc8 19. Qb3 Bxd3 20. Qxd3 Qa6 21. Ke2 Rc7 22. Rhc1 Qxd3+ 23.
Kxd3 Nc6 24. a3 Rac8 {1/2 Rasmussen,K (2462)-Schandorff,L (2497)/Koege 2005 
(32)}) (15. Bc5 b6 16. Rb3 bxc5 17. Rxc3 O-O 18. Rxc5 Nd7 19. Ra5 Ba6 20. e3
Bxf1 21. Kxf1 Nf6 22. h4 g4 23. g3 Rfc8 24. Kg2 Rab8 25. Nb3 Qe4+ {1/2
Finegold,B (2522)-Mitkov,N (2515)/Bolingbrook 2005 (57)}) 15... Nc6 16. e3 Bxd4
17. Bb5 {Sokolov´s pieces are exercising maximal pressure. Black has not only
exposed his kingside with the advance 7...g5, but now he can not even castle.}
(17. Be2 Be5 18. O-O Bd6 19. Bxd6 Qxd6 20. Ne4 Qe5 21. Qxd5 Qxd5 22. Nf6+ Kf8
23. Nxd5 Rb8 24. Nb4 Nxb4 25. Rxb4 Be6 26. a4 (26. Ra4 a6 27. Rb1 Kg7 28. Bf3
Rhd8 {0-1 Leski,M (2414)-Mitkov,N (2552)/Nice 2003 (44)}) 26... Kg7 27. h4 Rhc8
28. hxg5 hxg5 29. Rfb1 b6 30. a5 {1/2 Timoscenko,G (2522)-Mitkov,N (2493)/Lido
Estensi 2002 (34)}) 17... Be5 (17... Bf6 18. Nb3 Bc3+ 19. Kf1 a6 20. Bd3 b5 21.
Bc5 Bf6 22. a4 Be7 23. axb5 axb5 24. Bxb5 Ba6 25. Bxa6 Rxa6 26. h4 {1/2
Shabalov,A (2622)-Mitkov,N (2493)/Chicago 2002 (42)}) 18. O-O (18. Nf3 Bc3+ 19.
Kf1 a6 20. Ba4 b5 21. Bb3 Bb7 22. Bxd5 Qd7 23. e4 b4 24. Bb2 Bxb2 25. Rxb2 O-O
26. Qd2 Rfe8 27. h4 Ne5 28. hxg5 Bxd5 29. exd5 Nxf3 30. gxf3 Re5 {1/2 Atalik,S
(2581)-Mitkov,N (2534)/Nova Gorica 2003 (60)}) 18... Bd6 (18... a6 19. Bd3 Bd6
20. Bxd6 Qxd6 21. Rb6 $16) 19. Bxd6 Qxd6 20. Ne4 Qe5 21. Qxd5 (21. Nc5 O-O 22.
Rc1 Qd6 23. Qd2 $14) 21... Qxd5 22. Nf6+ Kf8 23. Nxd5 Ne7 24. Nc7 $1 {The fact,
that this is the first independent move of the game indicates, how difficult
is to put the question mark to the black´s daring concept.} (24. Nxe7 Kxe7 25.
Rfc1 Kf6 26. Rc7 Be6 27. Rxb7 Bxa2 28. Ra1 Rhb8 29. Rxb8 Rxb8 30. Rxa2 Rxb5 31.
h4 a5 {1/2 Finegold,B (2563)-Mitkov,N (2552)/Chicago 2006 (43)}) 24... Rb8 25.
f4 {White has achieved quite a lot, but his active approach in order to open
up the f file is helping the defender. The quiet 25.e4!? would have meant
quite a challenge for Onischuk´s defensive abilities.} (25. e4 $5 b6 26. f3 Bb7
27. Rfd1 $16) 25... Bf5 26. e4 (26. Rbc1 g4 27. Rfd1 $14) 26... Bxe4 27. Rbe1
Nd5 $5 {[%mdl 256] The defender is exchanging the knight in an original way,
very promising looks the simple retreat of the bishop to the c6 square.} (27...
Bc6 28. Bxc6 (28. fxg5 Bxb5 29. Nxb5 hxg5 30. Nd4 Rh6 31. Rf2 Rg6 $13) 28...
Nxc6 29. fxg5 Kg7 (29... hxg5 $6 30. Ne6+ Kg8 31. Nxg5 Rf8 32. Nxf7 Rxf7 33.
Re8+ $18) 30. gxh6+ Rxh6 $11) 28. Rxe4 Nxc7 29. Bc4 Ne8 (29... Re8 30. Rxe8+
Nxe8 31. fxg5 Nd6 32. Bxf7 hxg5 33. Bd5+ $14) (29... g4 30. Rd1 Re8 31. Rxe8+
Kxe8 32. Bxf7+ Kxf7 33. Rd7+ Kg8 34. Rxc7 Rh7 35. Rc8+ Kf7 36. Kf2 $14) 30. Rd4
{Sokolov is tirelessly fighting for the initiative and correctly keeps the
long range bishop.} (30. fxg5 Nd6 31. Rd4 Nxc4 32. Rxc4 hxg5 33. Rc7 Rh7 34.
Rb1 $11) 30... b5 31. Bb3 Rb7 32. fxg5 hxg5 33. Rd5 Rg8 34. Rxb5 $1 {The witty
small combination hints at the necessity to continue with the tough defense.}
Re7 (34... Rxb5 35. Rxf7#) 35. Rff5 (35. Rb8 Rg6 36. Ra8 $14) 35... g4 36. Rfe5
Rxe5 37. Rxe5 Rg7 38. Rb5 f6 39. Kf2 (39. g3 Re7 40. Kf2 Rh7 41. Rb8 Rxh2+ 42.
Ke3 Rh5 43. Ba4 Re5+ 44. Kf4 Kf7 45. Rb7+ $14) 39... g3+ $5 {Onischuk is a
good fighter and with pawn sacrifice he solves the threat of the loss of a far
advance soldier.} 40. hxg3 Rc7 41. Rd5 (41. g4 Nd6 42. Ra5 Kg7 43. Ke3 Nf7 44.
Kf4 $16) 41... Ke7 42. Rh5 Ng7 43. Rh7 Kd6 44. Rh1 Rc5 45. g4 Re5 46. Rh8 Re8
47. Rh1 Re5 48. Rh6 Ke7 49. Rh7 Rg5 50. Rh8 Ne6 $1 {Black is not willing to
exchange the a7 pawn for the one of the isolated brothers on the g file.} (
50... Rxg4 51. Ra8 $16) 51. Rh1 (51. Ra8 Ra5) 51... Nd4 52. Rh7+ Kd6 53. Rxa7
Nxb3 54. Ra6+ Ke7 55. axb3 Rb5 56. Ra3 Rb4 57. Kg3 Kf7 58. Kh4 Kg6 59. Ra6 Kg7
{The triumph of the defense is complete, white can not even hope to realize
his two spare pawns.} 1/2-1/2

[Event "Interpolis"]
[Site "Tilburg"]
[Date "1992.10.08"]
[Round "1.1"]
[White "Ftacnik, Lubomir"]
[Black "Winants, Luc"]
[Result "1-0"]
[WhiteElo "2535"]
[BlackElo "2505"]
[Annotator "Ftacnik,L"]
[PlyCount "51"]
[EventDate "1992.10.08"]
[EventType "k.o."]
[EventRounds "7"]
[EventCountry "NED"]
[SourceTitle "CBM 032"]
[Source "ChessBase"]
[SourceDate "1993.02.01"]
[SourceVersion "1"]
[SourceVersionDate "1993.02.01"]
[SourceQuality "1"]

1. d4 Nf6 2. Nf3 e6 3. c4 d5 4. Nc3 Bb4 5. cxd5 exd5 6. Bg5 Nbd7 7. Nd2 c6 8.
e3 Nf8 9. Bd3 Ng6 10. O-O {N} (10. Qa4 Be7 11. Qc2 Be6 12. h3 $14 {Chernin,
A-Greenfeld,A/Beer Sheva/1992/}) 10... O-O 11. h4 $6 (11. Qc2 h6 12. Bxf6 Qxf6
$13) 11... h6 12. h5 $2 (12. Bxf6 Qxf6 13. h5 Ne7 {xh5}) 12... hxg5 (12... Nh8
$6 13. Bh4 $16) 13. hxg6 fxg6 (13... Bg4 14. Qb3 Qb6 15. Qc2 Bd6 $13) 14. Qb3 (
14. Bxg6 $6 Qd6 (14... Ng4 15. Bh5 Nf6) 15. Bh5 (15. Nf3 Ng4 16. Bh5 g6 17.
Bxg4 Bxg4 $17) 15... g6 16. Be2 Kg7 17. e4 dxe4 18. Ndxe4 Nxe4 19. Nxe4 Qf4 20.
Bd3 Rh8 $17) 14... Ba5 (14... Bxc3 15. bxc3 Qd6 16. e4 Qf4 17. g3 $1 Qxd2 18.
Rfd1 Nxe4 19. Rxd2 Nxd2 20. Qc2 $16) 15. e4 Bb6 (15... Be6 16. e5 Nh5 $1 17.
Qxb7 Nf4 18. Qxc6 Bd7 19. Qa6 Bc8 20. Qc6 Rb8 $36) 16. exd5 (16. Ne2 Bg4 17.
Rae1 Bxe2 18. Rxe2 Bxd4 19. Nf3 (19. exd5 Nxd5 20. Be4) 19... Bb6 20. exd5 cxd5
21. Bxg6 $13) 16... cxd5 17. Nde4 $1 Be6 (17... Bxd4 18. Nxf6+ gxf6 19. Nxd5
Be6 20. Bc4 b5 21. Qxb5 Rb8 22. Qc6 Bxd5 23. Bxd5+ Kh8 24. Rad1 Bxb2 25. Be4
Qc8 $10) 18. Rae1 (18. Nxg5 $2 Ng4 19. Nf3 Rxf3 20. gxf3 Qh4 $19) 18... Bxd4 $2
(18... Ng4 $1 19. Nb5 (19. Nc5 Qd6 20. g3 Rxf2 $1) 19... a6 20. Nc5 Qb8 $1 (
20... axb5 21. Nxe6 Qd6 22. g3 Rxf2 23. Bxb5) 21. f4 Rxf4 22. Nxe6 (22. Rxe6
Rxd4 $1 $19) 22... Rxd4 $19) 19. Nxf6+ (19. Nxg5 $2 Ng4 20. Nf3 Rxf3 21. gxf3
Qh4 22. fxg4 Qxg4+ 23. Kh1 Qh4+ 24. Kg1 Rf8 25. Rxe6 Bxf2+ 26. Rxf2 Qxf2+ 27.
Kh1 Rf3 28. Re3 Rxe3 29. Qxd5+ Kh8 $19) 19... Rxf6 (19... Qxf6 20. Nxd5 Bxf2+
21. Kh1 Bxd5 (21... Qd4 22. Ne7+ $18) 22. Qxd5+ Kh8 23. Qd7 $5 Qb6 24. Re4 Bh4
$1 25. Rxf8+ Rxf8 26. Re8 $13) 20. Rxe6 Rxe6 21. Nxd5 Qd6 $2 (21... Kh8 22. Nf4
(22. Bc4 Re4 23. Qd3 Rg4 24. Qxg6 Rh4) (22. g4 Qd6 23. Kg2 Rf8 24. Bc4 Rxf2+ $1
25. Rxf2 Bxf2) 22... Bxf2+ 23. Rxf2 (23. Kh1 gxf4 24. Qxe6 Qxd3 25. Rxf2 Qe3
$17) 23... Re1+ 24. Bf1 gxf4 25. Qh3+ Kg8 26. Qb3+ $10) 22. Nc7 Qxc7 23. Qxe6+
Qf7 (23... Kh8 24. Qh3+ (24. Qxg6 Kg8 25. Qh7+ Kf7 26. Re1 Rc8 27. Bg6+ Kf6 28.
Bf5 $18) 24... Kg8 25. b3 Qc8 26. Bc4+ Kf8 27. Qh7 Ke7 28. Qxg6 $18) 24. Qd6 (
24. Qe4 Qf4 (24... Qf6 25. Bc4+ Kf8 26. Qxb7 Re8 $13) 25. Qxg6 Qh4) 24... Qf6
$4 (24... Bf6 25. b3 Qe7 (25... Rd8 26. Qxd8+ Bxd8 27. Bc4 $18) 26. Bc4+ Kf8
27. Qd5 $18) (24... Qf4 $1 25. Qxg6 Qh4 (25... Bxb2 26. Re1 Kf8 27. Re3 Bf6 28.
Bb5 Qb8 29. Bc4 Qc7 30. Bb3 $18) 26. Qf5 $1 Rd8 27. Rd1 Qf4 $13 (27... g4 $2
28. Bc4+ Kh8 29. Rxd4 Rxd4 30. Qf8+ Kh7 31. Qg8+ Kg6 32. Qe8+ Kh7 33. Bg8+ Kh6
34. Qe3+ $18)) 25. Bc4+ Kh7 26. Qh2# 1-0